00885nam a2200253 a 450000100060000000300080000600500170001400800410003103500190007204000220009104100080011308200250012109200160014610000490016224500750021126000500028630000330033650400370036965000270040670000480043394200120048199900170049395201210051072366BD-RjUL20211209082243.0190404s1957 enkad i 001 0 eng d a(BD-RjUL)72583 aLECbengcBD-RjUL aeng 223a612.8 bWAP 1957 aD04007929871 aWalsh, E. Geoffreyq(Ewart Geoffrey)922891010aPhysiology of the nervous system /cE. Geoffrey Walsh and John Marshal aLondon :bLongmans, Green and Co,c1957[1959] axvi, 563 p. :bill. ;c23 cm aIncludes bibliography: p.485-547 0aNervous system92289111 aMarshall, Johnq(M.D. (Manchester))9228913 2ddccBK c72366d72366 00102ddc40718NFICaRUCLbRUCLcReadingd2019-03-04l0o612.8 WAP 1959r2019-03-04 00:00:00tC-1w2021-12-09yBK